| 000 | 00710nam a22001697a 4500 | ||
|---|---|---|---|
| 005 | 20251108171805.0 | ||
| 008 | 250721s1999 xx 000 0 ara d | ||
| 082 | 1 | 4 | _aم/016.37824/دلي |
| 245 | 1 | 0 | _aدليل الرسائل الجامعية المودعة من الجامعات العربية في مركز الايداع في مكتبة الجامعة الاردنية 24 / |
| 264 | 1 |
_aعمان : _bالجامعة الاردنية، _c1999. |
|
| 300 | _a273ص. | ||
| 650 | 1 | 7 | _aالرسائل الجامعية |
| 650 | 1 | 7 | _aالدرجات العلمية |
| 710 | 2 | _aمكتبة الجامعة الأردنية . دائرة المعلومات و الدراسات | |
| 942 |
_2ddc _cREF |
||
| 999 |
_c62575 _d62575 |
||